|
|
|
|
| LEADER |
00000cam a2200000 7i4500 |
| 001 |
0000006637 |
| 005 |
20230418093000.0 |
| 020 |
|
|
|a 0072229993 (pbk.)
|
| 090 |
0 |
0 |
|a TK5105.875.I57
|b H654 2005
|
| 100 |
0 |
|
|a Hofstetter, Fred T. [
|q (Fred Thomas)] ,
|d 1949- ,
|e author
|
| 245 |
1 |
0 |
|a Internet technologies at work
|c Fred T. Hofstetter
|
| 260 |
2 |
|
|a Boston :
|b McGraw-Hill Technology Education ,
|c c2005
|
| 300 |
|
|
|a xviii, 622 p. :
|b ill. (chiefly col.) ;
|c 28 cm.
|
| 504 |
|
|
|a Includes bibliographical references (p. 601-602) and index
|
| 650 |
|
0 |
|a Computer networks
|x Textbooks
|
| 650 |
|
0 |
|a Internet
|v Textbooks
|
| 650 |
|
0 |
|a World Wide Web
|x Textbooks
|
| 999 |
|
|
|a 1000105614
|b Book
|c OPEN SHELF (30 DAYS)
|e Tembila Campus
|